Métodos especiales para ecuaciones diferenciales /
Guardado en:
| Autor Principal: | |
|---|---|
| Formato: | Libro |
| Idioma: | Spanish |
| Publicado: |
Buenos Aires :
Eudeba,
c1969.
|
| Series: | Manuales de Eudeba. Matemáticas
|
| Etiquetas: |
Agregar Etiqueta
Sin Etiquetas, Sea el primero en etiquetar este registro!
|
| LEADER | 00500nam a22001455a 4500 | ||
|---|---|---|---|
| 001 | MAT.inmabb002459 | ||
| 008 | 040623s1969####ag############001#0#spa#d | ||
| 005 | 20130405162141.0 | ||
| 245 | 1 | 0 | |a Métodos especiales para ecuaciones diferenciales / |c Enrique J. Blaksley Bazterrica. |
| 260 | |a Buenos Aires : |b Eudeba, |c c1969. | ||
| 300 | |a x, 85 p. ; |c 22 cm. | ||
| 440 | 0 | |a Manuales de Eudeba. |p Matemáticas | |
| 100 | 1 | |a Blaksley Bazterrica, Enrique J. | |
| 084 | |a 34-01 |2 msc2000 | ||
| 859 | |h 34 |i B637 |p A-8124 |b BIB. MATEMATICA | ||
